Natural rubber sector in Tripura: Role of institutional innovations (Record no. 63632)

MARC details
000 -LEADER
fixed length control field 00481nam a2200181Ia 4500
100 ## - MAIN ENTRY--AUTHOR NAME
Personal name Sharma G
245 #0 - TITLE STATEMENT
Title Natural rubber sector in Tripura: Role of institutional innovations
260 ## - PUBLICATION, DISTRIBUTION, ETC. (IMPRINT)
Name of publisher Agricultural Economics Research Review
Year of publication 2014
300 ## - PHYSICAL DESCRIPTION
Number of Pages 17-24
500 ## - GENERAL NOTE
General note Source Year: 2014
650 ## - SUBJECT ADDED ENTRY--TOPICAL TERM
Topical Term NR sector
650 ## - SUBJECT ADDED ENTRY--TOPICAL TERM
Topical Term Tripura
700 ## - ADDED ENTRY--PERSONAL NAME
Personal name Dey S K
700 ## - ADDED ENTRY--PERSONAL NAME
Personal name George K T
856 ## - ELECTRONIC LOCATION AND ACCESS
Uniform Resource Identifier No article
942 ## - ADDED ENTRY ELEMENTS (KOHA)
Koha item type Journals
Holdings
Withdrawn status Lost status Damaged status Not for loan Home library Current library Shelving location Date acquired Serial Enumeration / chronology Koha item type
      Journals RRII Library RRII Library Economics 17/12/2021 Volume 27, Issue Journals